| 000 | 00783cam a2200217 i 4500 | ||
|---|---|---|---|
| 005 | 20251215083033.0 | ||
| 008 | 250721s2005 jo gr 000 0 ara d | ||
| 020 | _a9957116177 | ||
| 082 | 1 | 4 |
_a216.7 _bح ل ب |
| 100 | 1 |
_aالحلبي، محمد علي السالم عياد _eمؤلف. |
|
| 245 | 1 | 0 |
_aأسس التشريع الجنائي في الإسلام / _cالدكتور محمد علي السالم عياد الحلبي. |
| 250 | _aالطبعة الأولى. | ||
| 264 | 3 | 1 |
_aعمان : _bدار وائل للنشر والتوزيع، _c2005. |
| 300 | _a284 صفحة. | ||
| 650 | 1 | 7 | _aالقانون الجنائي. |
| 650 | 1 | 7 | _aالإسلام. |
| 650 | 1 | 7 | _aالجريمة. |
| 650 | 1 | 7 | _aالتشريع. |
| 942 |
_2ddc _cBK |
||
| 999 |
_c100232 _d100232 |
||